Biochemical Engineering Fundamentals / (Record no. 3091)
[ view plain ]
| 000 -LEADER | |
|---|---|
| fixed length control field | 00376cam a2200145ua 4500 |
| 020 ## - INTERNATIONAL STANDARD BOOK NUMBER | |
| ISBN | 9780070032125 |
| 082 ## - DEWEY DECIMAL CLASSIFICATION NUMBER | |
| Classification number | 660.63 |
| Item number | BAI/BI |
| 100 ## - MAIN ENTRY--AUTHOR NAME | |
| Personal name | Bailey, James E. |
| 100 ## - MAIN ENTRY--AUTHOR NAME | |
| Personal name | Ollis, David F |
| 245 ## - TITLE STATEMENT | |
| Title | Biochemical Engineering Fundamentals / |
| 250 ## - EDITION STATEMENT | |
| Edition statement | 2 / |
| 260 ## - PUBLICATION, DISTRIBUTION, ETC. (IMPRINT) | |
| Place of publication | New York : |
| Name of publisher | McGraw Hill Book Company , |
| Year of publication | 1986. |
| 300 ## - PHYSICAL DESCRIPTION | |
| Number of Pages | 984 ; . |
| 942 ## - ADDED ENTRY ELEMENTS (KOHA) | |
| Koha item type | Books |
| Withdrawn status | Lost status | Damaged status | Home library | Current library | Date acquired | Full call number | Accession Number | Koha item type | Collection code | Shelving location | Source of acquisition | Cost, normal purchase price |
|---|---|---|---|---|---|---|---|---|---|---|---|---|
| KAUAET | KAUAET | 07/04/2012 | 660.63 | 19520 | Books | |||||||
| KAUAET | KAUAET | 07/04/2012 | 660.63 | 20922 | Books | |||||||
| KAUAET | KAUAET | 31/03/2012 | 660.63 BAI/BI | 23521 | Books | Non-fiction | General Stacks | International Books and periodical supply service, New Delhi | 699.00 | |||
| KAUAET | KAUAET | 21/11/2012 | 660.63 BAI/BI | 23624 | Books | Non-fiction | General Stacks | CosmoBooks, Calicut | 675.00 | |||
| KAUAET | KAUAET | 21/11/2012 | 660.63 BAI/BI | 23625 | Books | Non-fiction | General Stacks | CosmoBooks, Calicut | 675.00 | |||
| KAUAET | KAUAET | 31/03/2014 | 660.63 BAI/BI | 24468 | Books | General Stacks | ||||||
| KAUAET | KAUAET | 31/03/2014 | 660.63 BAI/BI | 24469 | Books | General Stacks | ||||||
| KAUAET | KAUAET | 31/03/2014 | 660.63 BAI/BI | 24470 | Books | General Stacks | ||||||
| KAUAET | KAUAET | 31/03/2014 | 660.63 BAI/BI | 24471 | Books | General Stacks | ||||||
| KAUAET | KAUAET | 31/03/2014 | 660.63 BAI/BI | 24472 | Books | General Stacks | ||||||
| KAUAET | KAUAET | 27/08/2016 | 660.63 BAI/BI | BB 372 | Book Bank scheme for SC students | Scheme | Dream Tech Publishers & Book Sellers, Thiruvanathapuram. | 1350.00 |
